Pinky and Rex and the bully / (Record no. 4996)

MARC details
000 -LEADER
fixed length control field 00968nam a22003017a 4500
001 - CONTROL NUMBER
control field 4996
003 - CONTROL NUMBER IDENTIFIER
control field FISKH
005 - DATE AND TIME OF LATEST TRANSACTION
control field 20241218122537.0
008 - FIXED-LENGTH DATA ELEMENTS--GENERAL INFORMATION
fixed length control field 241031b cb ||||| |||| 00| 0 eng d
020 ## - INTERNATIONAL STANDARD BOOK NUMBER
International Standard Book Number 9780689808340
040 ## - CATALOGING SOURCE
Original cataloging agency FISKH
Language of cataloging eng
Transcribing agency FISKH
Modifying agency FISKH
050 ## - LIBRARY OF CONGRESS CALL NUMBER
Classification number PZ7.H83727
082 ## - DEWEY DECIMAL CLASSIFICATION NUMBER
Edition number 813.54
100 ## - MAIN ENTRY--PERSONAL NAME
Personal name Howe, James
Dates associated with a name (1946–)
245 ## - TITLE STATEMENT
Title Pinky and Rex and the bully /
Statement of responsibility, etc. by James Howe illustrated by Melissa Sweet
250 ## - EDITION STATEMENT
Edition statement 1996
260 ## - PUBLICATION, DISTRIBUTION, ETC.
Place of publication, distribution, etc. New York :
Name of publisher, distributor, etc. Aladdin,
Date of publication, distribution, etc. 1996.
300 ## - PHYSICAL DESCRIPTION
Extent 40 pages :
Other physical details color illustrations ;
Dimensions 23 cm
505 ## - FORMATTED CONTENTS NOTE
Formatted contents note N<br/>
520 ## - SUMMARY, ETC.
Summary, etc. Pinky learns the importance of identity as he defends his favorite color, pink, and his friendship with a girl, Rex, from the neighborhood bully.
521 8# - TARGET AUDIENCE NOTE
Target audience note 570L<br/>
Source Lexile<br/>
521 8# - TARGET AUDIENCE NOTE
Target audience note N<br/>
Source Raz-Plus<br/>
650 ## - SUBJECT ADDED ENTRY--TOPICAL TERM
Source of heading or term Fiction
Topical term or geographic name entry element Bullying
Form subdivision Friendship
650 ## - SUBJECT ADDED ENTRY--TOPICAL TERM
Source of heading or term Early chapter
Topical term or geographic name entry element Feelings
700 ## - ADDED ENTRY--PERSONAL NAME
Personal name Sweet, Melissa
Dates associated with a name Illustrator
942 ## - ADDED ENTRY ELEMENTS (KOHA)
Source of classification or shelving scheme Dewey Decimal Classification
Koha item type Books
Suppress in OPAC No
Holdings
Withdrawn status Lost status Source of classification or shelving scheme Damaged status Not for loan Collection Home library Current library Shelving location Date acquired Total Checkouts Full call number Barcode Date last seen Copy number Price effective from Koha item type Date due Date last checked out
    Dewey Decimal Classification     Fiction Footprints International School Library Network Toul Kork Campus Footprints International School Library Network Toul Kork Campus TK Primary Library Room(4th Floor), Bookcase 3&4, Shelves 17-32, Yellow Books 10/31/2024   HOW 813.54 PZ7.H83727 FISTK01073 10/31/2024 1 10/31/2024 Books    
    Dewey Decimal Classification     Fiction Footprints International School Library Network Toul Kork Campus Footprints International School Library Network Toul Kork Campus TK Primary Library Room(4th Floor), Bookcase 3&4, Shelves 17-32, Yellow Books 10/31/2024 1 HOW 813.54 PZ7.H83727 FISTK01081 04/03/2026 2 10/31/2024 Books 04/17/2026 04/03/2026